Visualizzazione normale
Vista MARC
- Artioli, Maria Benedetta,
di Personal Name
Records bibliografici associati: 1
001 - CONTROL NUMBER
- control field: 56937
003 - CONTROL NUMBER IDENTIFIER
- control field:
005 - DATE AND TIME OF LATEST TRANSACTION
- control field: 20180505122550.0
008 - FIXED-LENGTH DATA ELEMENTS
- fixed length control field: 180505|| aca||aabn | a|a d
040 ## - CATALOGING SOURCE
- Original cataloging agency:
- Transcribing agency:
100 ## - HEADING--PERSONAL NAME
- Personal name: Artioli, Maria Benedetta,
- Relator term: tr.
670 ## - SOURCE DATA FOUND
- Source citation: Work cat.: ()0: Gregorius Nyssenus, s., ca.331-ca.394. 56935, Omelie su Qoelet (Ecclesiaste) /, 2011.